000 00394nam a2200157Ia 4500
003 STCL
008 181203s9999 xx 000 0 und d
040 _aSTCL
_bEN
_cSTCL
082 _222
100 _aMaroky, Paul
245 0 _aScientific Questions: Volume 1: Physical Sciences
260 _bMarymatha Major Seminary
_aTrichur
_c2002
300 _a184
546 _aEnglish
942 _2ddc
_cBK
999 _c83423
_d83423